Bibliografía sobre gerontología

Guardado en:
Bibliografiske detaljer
Institution som forfatter: Costa Rica. Presidencia de la República. Oficina de Planificación Nacional y Política Económica
Format: Texto
Udgivet: San José: OFIPLAN
Tags: Tilføj Tag
Ingen Tags, Vær først til at tagge denne postø!

MARC

LEADER 00000 a a2200000 04500
001 20986
003
040
090 |a 090300  
110 |a Costa Rica. Presidencia de la República. Oficina de Planificación Nacional y Política Económica  
245 |a Bibliografía sobre gerontología  
260 |a San José:   |b OFIPLAN  
300 |a 35 p.  
999 |c 14487  |d 14487